[Event "Netanya-A"]
[Site "Netanya"]
[Date "1973.??.??"]
[Round "14"]
[White "Porath, Yosef"]
[Black "Czerniak, Moshe"]
[Result "1/2-1/2"]
[WhiteElo "2340"]
[BlackElo "2370"]

1.d4 g6 2.c4 Bg7 3.Nf3 d6 4.Nc3 Bg4 5.h3 Bxf3 6.exf3 Nh6 7.g4 O-O 8.Be3 f5
9.Qd2 Nf7 10.gxf5 gxf5 11.Rg1 e6 12.O-O-O Kh8 13.Bd3 Nc6 14.d5 exd5 15.cxd5 Nce5
16.Rg3 Nxd3+ 17.Qxd3 Ne5 18.Qd2 Qh4 19.Rdg1 Rf7 20.f4 Ng6 21.Ne2 Re8 22.Nd4 c6
23.dxc6 bxc6 24.Nf3 Qd8 25.Ng5 Rb7 26.Bd4 c5 27.Bxg7+ Rxg7 28.Qd5 Qf6 29.Qd2 Rb8
30.Rb3 Rxb3 31.axb3 Nh4 32.Re1 Re7 33.Rxe7 Qxe7 34.Qxd6 Qe1+ 35.Kc2 Qxf2+
36.Kc3 Qe1+ 37.Kc2 Qe2+ 38.Kc3 Qe1+ 39.Kc2 Qf2+ 40.Kc3 Qe1+  1/2-1/2

[Event "Netanya-A"]
[Site "Netanya"]
[Date "1973.??.??"]
[Round "14"]
[White "Romm, Meir"]
[Black "Tatai, Stefano"]
[Result "1-0"]
[WhiteElo "2200"]
[BlackElo "2460"]

1.e4 e6 2.d4 d5 3.Nc3 Bb4 4.e5 c5 5.a3 Bxc3+ 6.bxc3 Qc7 7.Nf3 Ne7 8.a4 b6
9.Bb5+ Bd7 10.Bd3 Nbc6 11.O-O h6 12.h4 O-O 13.Bf4 c4 14.Be2 f5 15.h5 Kh7
16.Qd2 Rg8 17.g3 Be8 18.Nh4 Qc8 19.Kg2 Bxh5 20.Bxh5 g5 21.Rh1 gxf4 22.Qxf4 Rg7
23.Qxh6+ Kxh6 24.Nxf5+ Kg5 25.Nd6 Ng6 26.Nxc8 Rxc8 27.f4+ Nxf4+ 28.gxf4+ Kxf4+
29.Kf2 Rcg8 30.Bf3 Nd8 31.Rh6 Rg6 32.Rah1 Rxh6 33.Rxh6 Rf8 34.Rg6 Kf5 35.Rg7 a5
36.Ke3  1-0

[Event "Netanya-A"]
[Site "Netanya"]
[Date "1973.??.??"]
[Round "14"]
[White "Saidy, Anthony Fred"]
[Black "Friedman, Shmuel"]
[Result "1/2-1/2"]
[WhiteElo "2425"]
[BlackElo "2200"]

1.c4 c5 2.Nf3 g6 3.d4 cxd4 4.Nxd4 Nf6 5.Nc3 Bg7 6.e4 O-O 7.Be2 d6 8.Be3 Nbd7
9.Qd2 Nc5 10.f3 a5 11.O-O Ne8 12.Rac1 Nc7 13.f4 N7e6 14.Ndb5 Bd7 15.Bf3 Nc7
16.Nxc7 Qxc7 17.Nd5 Qd8 18.e5 Bc6 19.Nxe7+ Qxe7 20.exd6 Qf6 21.Bxc5 Qxb2
22.Rc2 Qf6 23.Bxc6 bxc6 24.Bb6 Qf5 25.c5 a4 26.h3 Bf6 27.Rc4 Bd8 28.Bxd8 Rfxd8
29.Re1 Rab8 30.Re5 Qb1+ 31.Rc1 Qb2 32.Qxb2 Rxb2 33.a3 Rb3 34.Re7 Rxa3 35.Rc7 Rd3
36.Rxc6 a3 37.Ra6 Rc8 38.Ra7 Rxd6 39.Rxa3 Rdc6 40.Rac3 Rd8 41.Kf2 Rd5 42.g4 f5
43.Ke3 Kf7 44.Kf3 h6 45.gxf5 gxf5 46.Kg3 Kf6 47.Rc4 Kg7 48.R1c3 Kf6 49.Kh4 Kg6
50.Rc1 Rc7 51.Rg1+ Kh7 52.Rgc1 Kg6 53.c6 Rd6 54.Rc5 Rf6 55.R1c2 Rd6 56.Rg2+ Kh7
57.Rgc2 Kg6 58.R2c3 Rf6 59.Kg3 Re6 60.Kf3 Kf6 61.Rc2 Kg6 62.h4 h5 63.Rg2+ Kh6
64.Rxf5 Rexc6 65.Rd5 Rc3+ 66.Ke4 R7c4+ 67.Kf5 Rf3 68.Rd6+ Kh7 69.Rd7+ Kh8
70.Kg6 Rcxf4 71.Rg5 Rf6+ 72.Kxh5 R3f5 73.Ra7 Rxg5+ 74.hxg5 Rb6 75.Rc7 Kg8
76.Rd7 Ra6  1/2-1/2

[Event "Netanya-A"]
[Site "Netanya"]
[Date "1973.??.??"]
[Round "14"]
[White "Yanofsky, Daniel Abraham"]
[Black "Domnitz, Zadok"]
[Result "1-0"]
[WhiteElo "2460"]
[BlackElo "2350"]

1.c4 Nf6 2.Nf3 g6 3.g3 Bg7 4.Bg2 O-O 5.d4 d6 6.O-O Nc6 7.Nc3 e5 8.d5 Ne7
9.c5 Ng4 10.cxd6 cxd6 11.h3 Nh6 12.e4 f6 13.a4 Nf7 14.Nd2 f5 15.Nc4 fxe4
16.g4 b6 17.Re1 Bb7 18.Rxe4 Bf6 19.Re1 Bh4 20.a5 Ba6 21.Nd2 Ng5 22.Nde4 Nxe4
23.Nxe4 Bb7 24.Bg5 Bxg5 25.Nxg5 bxa5 26.Ne6 Qb6 27.Nxf8 Rxf8 28.Qd2 Rf4 29.Re3 Rb4
30.b3 Rd4 31.Rd3 Rf4 32.Rc1 Kg7 33.Qe3 Kf6 34.Rc4 g5 35.Rxf4+ gxf4 36.Qe4 Ba6
37.Rc3 Qb4 38.Rc7 Qb6 39.g5+  1-0

[Event "Netanya-A"]
[Site "Netanya"]
[Date "1973.??.??"]
[Round "14"]
[White "Camara, Helder"]
[Black "Kaldor, Avraham"]
[Result "0-1"]
[WhiteElo "2405"]
[BlackElo "2200"]

1.g3 c5 2.Bg2 Nc6 3.c4 g6 4.Nc3 Bg7 5.e3 e5 6.Nge2 Nge7 7.O-O d6 8.a3 Bf5
9.d3 Qd7 10.Nd5 Nxd5 11.cxd5 Ne7 12.e4 Bh3 13.Bxh3 Qxh3 14.Qa4+ Qd7 15.Qxd7+ Kxd7
16.Be3 Rhc8 17.Rfc1 f5 18.f3 Rf8 19.Kg2 Ng8 20.g4 Bh6 21.g5 f4 22.Bxc5 Bxg5
23.Bf2 Be7 24.Rc4 Bd8 25.Rac1 g5 26.Nc3 a6 27.a4 Ne7 28.Rb4 Rb8 29.Ba7 Ra8
30.Bf2 Rb8 31.d4 Ba5 32.Rb3 exd4 33.Bxd4 b6 34.Ne2 Ng6 35.Kf2 Rfc8 36.Rxc8 Rxc8
37.Bf6 h6 38.Bg7 Bd2 39.Bd4 Ba5 40.Bg7 Bd2 41.Kf1 Be3 42.Bd4 Rc2 43.Bxb6 Bxb6
44.Rxb6 Ne5 45.Nd4 Rxh2 46.b3 g4 47.fxg4 f3 48.Nxf3 Nxf3 49.Rxa6 Ke7 50.Ra8 Rb2
51.a5 Rxb3 52.a6 Ra3 53.a7 Ne5 54.Ke2 Nd7 55.Kd1 Nf6 56.Kc2 Ne8 57.Kb2 Ra6
58.Kb3 Nc7 59.Rh8 Kf6 60.Rxh6+ Ke5 61.Rh7 Rxa7 62.Re7+ Kf6 63.Rd7 Nb5 64.Rd8 Ra1
65.Kc4 Rb1 66.Kd3 Ke7 67.Rb8 Na3 68.Rh8 Rb3+ 69.Kd4 Rg3 70.Rh7+ Kd8 71.Rh6 Kc7
72.Rh4 Nc2+ 73.Kc4 Rxg4 74.Rh7+ Kb6 75.Rh6 Na3+ 76.Kb3 Rg3+ 77.Kb4 Nc2+ 78.Kc4 Na3+
79.Kb4 Nc2+ 80.Kc4 Ka5 81.Rxd6 Na3+ 82.Kc5 Nb5 83.Kc6 Nxd6 84.Kxd6 Kb6 85.e5 Kb7
86.Kd7 Rg7+ 87.Kd8 Rg5  0-1

[Event "Netanya-A"]
[Site "Netanya"]
[Date "1973.??.??"]
[Round "15"]
[White "Czerniak, Moshe"]
[Black "Yanofsky, Daniel Abraham"]
[Result "1/2-1/2"]
[WhiteElo "2370"]
[BlackElo "2460"]

1.e4 c5 2.Nf3 d6 3.d4 cxd4 4.Nxd4 Nf6 5.Nc3 e6 6.g3 Nc6 7.Bg2 Bd7 8.Nde2 a6
9.O-O Be7 10.h3 Qc7 11.g4 O-O 12.Bf4 b5 13.a3 Rac8 14.Qd2 Ne5 15.b3 a5 16.Ra2 Rfd8
17.Bg3 b4 18.axb4 axb4 19.Nd1 Qb6 20.Qe3 Qxe3 21.Nxe3 Bb5 22.Re1 Nc6 23.f4 d5
24.exd5 exd5 25.Nf5 Bc5+ 26.Bf2 Bxf2+ 27.Kxf2 Bxe2 28.Rxe2 Kf8 29.Rd2 g6
30.Ng3 Re8 31.g5 Ne4+ 32.Bxe4 dxe4 33.Ke3 Ne7 34.Nxe4 Nf5+ 35.Kf3 Nh4+ 36.Ke3 Rc3+
37.Rd3 Nf5+ 38.Kf3 Nd4+ 39.Ke3 Nxc2+ 40.Kd2 Rxe4  1/2-1/2

[Event "Netanya-A"]
[Site "Netanya"]
[Date "1973.??.??"]
[Round "15"]
[White "Damjanovic, Mato"]
[Black "Camara, Helder"]
[Result "1-0"]
[WhiteElo "2465"]
[BlackElo "2405"]

1.e4 e5 2.Nf3 Nc6 3.Bb5 a6 4.Ba4 Nf6 5.O-O Be7 6.Re1 b5 7.Bb3 d6 8.c3 O-O
9.h3 Na5 10.Bc2 c5 11.d4 Qc7 12.Nbd2 Bb7 13.d5 Bc8 14.b3 Nb7 15.c4 b4 16.Nf1 Kh8
17.Ng3 g6 18.Bh6 Rg8 19.Qd2 Qd8 20.Ng5 Qe8 21.f4 Nd7 22.Rf1 Nd8 23.a3 Rb8
24.axb4 Rxb4 25.f5 Bxg5 26.Bxg5 f6 27.Be3 g5 28.Qe2 Nf7 29.Nh5 Qe7 30.g4 Nb8
31.Kf2 Bd7 32.Rh1 Be8 33.Ng3 Rb7 34.Nf1 Qd8 35.Nd2 Kg7 36.Nf3 h6 37.h4 Qb6
38.Bd2 Re7 39.Rh3 Bd7 40.Rah1 Ree8 41.hxg5 hxg5 42.Rh7+ Kf8 43.Qe1 Ke7 44.R1h5 Ref8
45.Ba5 Qb7 46.R5h6 Be8 47.Qh1 Bd7 48.Nd2 Qc8 49.Nf1 Rh8 50.Qh5 Rxh7 51.Rxh7 Qe8
52.Ng3 Bc8 53.Bd1 Rg8 54.Bc7 Nd7 55.b4 cxb4 56.Ba4 Qf8 57.Rxf7+ Qxf7 58.Bxd6+ Ke8
59.Bxb4 Qxh5 60.Nxh5 Kf7 61.c5  1-0

[Event "Netanya-A"]
[Site "Netanya"]
[Date "1973.??.??"]
[Round "15"]
[White "Domnitz, Zadok"]
[Black "Romm, Meir"]
[Result "0-1"]
[WhiteElo "2350"]
[BlackElo "2200"]

1.e4 c5 2.Nf3 d6 3.d4 cxd4 4.Nxd4 Nf6 5.Nc3 Nc6 6.Bg5 Qa5 7.Bb5 Bd7 8.Nb3 Qc7
9.O-O e6 10.Kh1 Be7 11.f4 O-O-O 12.a4 Kb8 13.f5 Bc8 14.Qe2 Ka8 15.a5 d5 16.a6 d4
17.Na4 bxa6 18.Bxa6 Bxa6 19.Qxa6 Nb4 20.Qa5 Qxa5 21.Nxa5 Nxc2 22.Rac1 Rc8
23.fxe6 fxe6 24.e5 Nd5 25.Bxe7 Nxe7 26.Rf7 Ng6 27.Rf2 d3 28.Rd1 Nxe5 29.h3 Ne3
30.Re1 Rc2 31.Rxe3 Rxf2 32.Rxe5 d2 33.Nc3 Re8 34.Nb3 Rf1+ 35.Kh2 d1=Q 36.Nxd1 Rxd1
37.Nc5 Rd5 38.Rxe6 Rxe6 39.Nxe6 Kb7 40.Nxg7 Rb5 41.Nf5 Rxb2  0-1

[Event "Netanya-A"]
[Site "Netanya"]
[Date "1973.??.??"]
[Round "15"]
[White "Kaldor, Avraham"]
[Black "Porath, Yosef"]
[Result "1-0"]
[WhiteElo "2200"]
[BlackElo "2340"]

1.e4 e5 2.Nf3 Nc6 3.Bb5 a6 4.Ba4 Nf6 5.O-O Be7 6.Nc3 b5 7.Bb3 d6 8.Nd5 Na5
9.Nxe7 Qxe7 10.d4 Bb7 11.Bg5 h6 12.Bxf6 Qxf6 13.Re1 O-O 14.c3 c5 15.Bd5 exd4
16.Bxb7 Nxb7 17.cxd4 Rad8 18.a4 d5 19.e5 Qb6 20.axb5 axb5 21.dxc5 Nxc5 22.Qd4 Rc8
23.b4 Na4 24.Qxb6 Nxb6 25.Ra5 Na4 26.Rxb5 Nc3 27.Rb7 Rb8 28.Rc7 Rfc8 29.Rxc8+ Rxc8
30.Kf1 Rb8 31.Rc1 Na2 32.Rb1 Rxb4 33.Rxb4 Nxb4 34.Nd4 Nd3 35.Nc6 g5 36.g3 Kg7
37.Ke2 Nc5 38.Ne7 f6 39.exf6+ Kxf6 40.Nxd5+ Ke5 41.Nb4 Kf5 42.f3 Ne6 43.Ke3 Nc7
44.Nc2 Nd5+ 45.Kd4 Ke6 46.Ne3 Nc7 47.Ke4 Ne8 48.f4 Nd6+ 49.Kf3 Kf6 50.Kg4 gxf4
51.gxf4 Kg6 52.f5+ Kf6 53.Kf4 Nf7 54.Nd5+ Kg7 55.h4 h5 56.Ke4 Nd6+ 57.Ke5 Nf7+
58.Ke6 Nd8+ 59.Kd7 Nf7 60.Ke7 Nh6 61.f6+ Kg6 62.Ke6  1-0

[Event "Netanya-A"]
[Site "Netanya"]
[Date "1973.??.??"]
[Round "15"]
[White "Kraidman, Yair"]
[Black "Peretz, Malkiel"]
[Result "1/2-1/2"]
[WhiteElo "2455"]
[BlackElo "2365"]

1.d4 Nf6 2.c4 e6 3.Nc3 d5 4.Bg5 c5 5.cxd5 cxd4 6.Qa4+ Qd7 7.Qxd4 Nxd5 8.Nxd5 Qxd5
9.Qxd5 exd5 10.O-O-O f6 11.Bf4 Be6 12.e3 Nc6 13.Nf3 Bc5 14.Kb1 O-O 15.Bb5 Rac8
16.a3 Rfd8 17.Rd2 Bb6  1/2-1/2

[Event "Netanya-A"]
[Site "Netanya"]
[Date "1973.??.??"]
[Round "15"]
[White "Tatai, Stefano"]
[Black "Kavalek, Lubomir"]
[Result "1/2-1/2"]
[WhiteElo "2460"]
[BlackElo "2565"]

1.e4 e6 2.d4 d5 3.Nd2 c5 4.exd5 exd5 5.Bb5+ Nc6 6.Qe2+ Be7 7.dxc5 Nf6 8.Nb3 O-O
9.Be3 Re8 10.O-O-O Bd7 11.Nf3 a6 12.Ba4 Rc8 13.Kb1 Nb8 14.Bxd7 Nbxd7 15.Qd3 Nxc5
16.Nxc5 Bxc5 17.Bxc5 Rxc5 18.Rhe1  1/2-1/2